000 00517nam a2200169 a 4500
001 BRCA_7332
005 20190320205810.0
008 240812s2012----mx-a###f#c---#001-0#spa-#
020 _a9789686858150
041 _aspa
050 4 _bC38 2012
245 1 0 _aLa Catedral Metropolitana de Monterrey
_bhistoria, arte y arquitectura.
260 _aMonterrey, N. L., México
_bUniversidad de Monterrey
_c2012
300 _ax, 291 p.
_bil. (algunas a color)
_c28 cm.
504 _aBibliografĂ­a: p. 283-[288]
942 _2lcc
_cB
999 _c7008
_d7008